000 003450000a22001570004500
001 002410
003 MACL
040 _aMACL
090 _c14403
_d14402
100 _aKapoor, A.N.
245 _aA Dictionary Of World Religions
_cA.N. Kapoor
260 _aAjanta Publications,
_c1998
350 _a350
650 _aReligion
942 _k200
_cBook
999 _c14322
_d14322